Geography Quiz

Random Geography or City Quiz

Top 10 Cities: Chile Quiz Stats

 Plays Quiz not verified by Sporcle

Challenge
Share
Tweet
Embed
Score 0/10 Timer 03:00
0 Plays Today
# City % Correct
1.Santiago
100%
10.Concepción
74.3%
3.Antofagasta
72.4%
4.Viña Del Mar
69.5%
9.Iquique
51.4%
8.Temuco
43.8%
2.Puente Alto
31.4%
5.Valparaíso
25.7%
7.San Bernardo
21%
6.Talcahuano
19%

You're not logged in!

Compare scores with friends on all Sporcle quizzes.
OR
Log In

You Might Also Like...

Show Comments

Extras

Top Quizzes Today


Score Distribution

Your Account Isn't Verified!

In order to create a playlist on Sporcle, you need to verify the email address you used during registration. Go to your Sporcle Settings to finish the process.

Report this User

Report this user for behavior that violates our Community Guidelines.

Details: